000 00427nam a2200181Ia 4500
005 20240823054747.0
008 240823s9999||||xx |||||||||||||| ||und||
041 _aENGLISH
082 _A005.3 N3 PAG
100 _a"Harrel,William"
245 0 _aIllustrared PageMaker 4.0
250 _a1sr
260 _c1993
_b"Jaico,Bombay"
500 _aYES
650 _aPagemaker
_bComputer Science
942 _cBK
999 _c227210
_d227210